000 00878nam a22002537a 4500
001 22130
005 20260331113822.0
008 260325b |||||||| |||| 00| 0 spa d
020 _a9781108829052
041 _aING
082 _a421.071
_bL27
100 _aLasagabaster, David
_eAUT
245 _aEnglish-medium instruction in higher education
260 _aCambridge :
_bCambridge University Press,
_c2022
300 _a70 páginas :
_c23 cm.
440 _a ;
500 _aAntes del título : Cambridge Elements
650 _aLEN
653 _aInglés - Estudio y enseñanza; Lenguaje y lenguas - Estudio y enseñanza; Educación superior; Sociolingüística
654 _aCTP
700 _a;
856 _uhttps://itmsp.museknowledge.com/UCSP?groupID=2&action=source&sourceID=EBSCO_IP
_zVéase además: Base de datos EBSCOhost
942 _cLIB
_dJUS
_fTRC
_n0
_2ddc
999 _c22130
_d22130